000 00420nam a22001697a 4500
005 20230117111124.0
008 220215b ||||| |||| 00| 0 eng d
020 _a9789331321763
041 _aeng
082 _a658.477
_bNAR-D
100 _aNARYANAN , B
_97139
245 _aDISASTER MANAGEMENT
260 _aNEW DELHI
_bA.P.H PUBLICATION
_c2019
300 _a301;P
650 _aPHARMACY
_xB.PHARMA
_97083
942 _cBK
999 _c7955
_d7953